000
00272nam a2200121 a 4500
008
101026s1970|||| d
100
1
_a
Melsen, M.J.
245
1
0
_a
Posledný pohár
260
_b
Smena
_a
Bratislava
_c
1970
020
_c
20
041
_a
slo
044
_a
xo
_c
SK
999
_c
12299
_d
12299